<?xml version="1.0" encoding="UTF-8"?>
<collection xmlns="http://www.loc.gov/MARC21/slim">
  <record>
    <leader>00000nam  2200000   4500</leader>
    <controlfield tag="001">INLIS000000000062049</controlfield>
    <controlfield tag="005">20230427083759</controlfield>
    <datafield tag="035" ind1="#" ind2="#">
      <subfield code="a">0010-0423000015</subfield>
    </datafield>
    <controlfield tag="007">ta</controlfield>
    <controlfield tag="008">230427###########################0#ind##</controlfield>
    <datafield tag="100" ind1="#" ind2="#">
      <subfield code="a">Abdurrahman bin Ali Al-'Arumi</subfield>
      <subfield code="e">penulis</subfield>
    </datafield>
    <datafield tag="245" ind1="#" ind2="#">
      <subfield code="a">Mengenal 49 tanda orang-orang munafik dan cara mengobatinya /</subfield>
      <subfield code="c">Abdurrahman bin Ali Al-'Arumi; penerjemah, Abdul Rosyad Shidiq</subfield>
    </datafield>
    <datafield tag="250" ind1="#" ind2="#">
      <subfield code="a">Cetakan Pertama, Pebruari 2010</subfield>
    </datafield>
    <datafield tag="300" ind1="#" ind2="#">
      <subfield code="a">148 halaman ;</subfield>
      <subfield code="c">21 cm</subfield>
    </datafield>
    <datafield tag="020" ind1="#" ind2="#">
      <subfield code="a">978-979-3036-88-5</subfield>
    </datafield>
    <datafield tag="041" ind1="#" ind2="#">
      <subfield code="a">ind</subfield>
    </datafield>
    <datafield tag="082" ind1="#" ind2="#">
      <subfield code="a">297.313 2</subfield>
    </datafield>
    <datafield tag="084" ind1="#" ind2="#">
      <subfield code="a">297.313 2 ALA m</subfield>
    </datafield>
    <datafield tag="264" ind1="#" ind2="#">
      <subfield code="a">Bekasi :</subfield>
      <subfield code="b">Darul Falah,</subfield>
      <subfield code="c">2010</subfield>
    </datafield>
    <datafield tag="336" ind1="#" ind2="#">
      <subfield code="a">teks</subfield>
      <subfield code="2">rdacontent</subfield>
    </datafield>
    <datafield tag="337" ind1="#" ind2="#">
      <subfield code="a">tanpa perantara</subfield>
      <subfield code="2">rdamedia</subfield>
    </datafield>
    <datafield tag="338" ind1="#" ind2="#">
      <subfield code="a">volume</subfield>
      <subfield code="2">rdacarrier</subfield>
    </datafield>
    <datafield tag="650" ind1="#" ind2="4">
      <subfield code="a">Munafik</subfield>
    </datafield>
    <datafield tag="700" ind1=" " ind2="#">
      <subfield code="a">Abdul Rosyad Shidiq</subfield>
      <subfield code="e">penerjemah</subfield>
    </datafield>
    <datafield tag="740" ind1="#" ind2="#">
      <subfield code="a">Alamatan Li Al-Munafiqun</subfield>
    </datafield>
    <datafield tag="990" ind1="#" ind2="#">
      <subfield code="a">5202300170</subfield>
    </datafield>
  </record>
</collection>
